[Event "Sharjah Rapid"]
[Site "Sharjah"]
[Date "2023.03.26"]
[Round "3"]
[White "Amin, Bassem"]
[Black "Suarez Figueras, Adrian Daniel"]
[Result "1-0"]
[WhiteElo "2692"]
[BlackElo "2166"]
[PlyCount "33"]
[EventDate "2023.03.26"]
[EventType "swiss (rapid)"]
[EventRounds "9"]
[EventCountry "UAE"]
[SourceTitle "CBM 213 Extra"]
[Source "ChessBase"]
[SourceDate "2023.05.31"]
[SourceVersion "1"]
[SourceVersionDate "2023.05.31"]
[SourceQuality "1"]

1. e4 d5 2. exd5 Nf6 3. c4 e6 4. dxe6 Bxe6 5. Nf3 Qe7 6. Qe2 Nc6 7. d4 0-0-0 8. d5 Qb4+ 9. Nc3 Bg4 10. dxc6 Bc5 11. cxb7+ Kb8 12. h3 Ne4 13. a3 Rhe8 14. axb4 Bxf2+ 15. Qxf2 Nxc3+ 16. Be3 Ne4 17. hxg4 1-0

[Event "FIDE World Uni Rapid-D 1st"]
[Site "Tornelo INT"]
[Date "2021.03.21"]
[Round "7"]
[White "Revita, Samantha Glo"]
[Black "Suarez Figueras, Adrian Daniel"]
[Result "1-0"]
[WhiteElo "1889"]
[BlackElo "2166"]
[PlyCount "53"]
[EventDate "2021.03.20"]
[EventType "swiss (rapid)"]
[EventRounds "12"]
[EventCountry "NET"]
[SourceTitle "EXT 2022"]
[Source "ChessBase"]
[SourceDate "2021.10.06"]
[SourceVersion "1"]
[SourceVersionDate "2021.10.06"]
[SourceQuality "1"]

1. d4 c5 2. d5 e5 3. Nc3 f5 4. e4 f4 5. Qh5+ g6 6. Qxe5+ Kf7 7. Qxh8 Bg7 8. Qxh7 d6 9. Bxf4 Qf6 10. Be3 a6 11. Nf3 b5 12. Bg5 Nd7 13. Bxf6 Ndxf6 14. Qh4 Bg4 15. Ng5+ Kf8 16. f3 Bd7 17. Ne6+ Bxe6 18. dxe6 Re8 19. 0-0-0 Rxe6 20. Nd5 Ne7 21. Nc7 Re5 22. Rxd6 Kf7 23. Nxa6 c4 24. b3 c3 25. a4 bxa4 26. Bc4+ Ke8 27. Nc7+ 1-0

[Event "FIDE World Uni Rapid-D 1st"]
[Site "Tornelo INT"]
[Date "2021.03.21"]
[Round "10"]
[White "Suarez Figueras, Adrian Daniel"]
[Black "Celestino, Raul"]
[Result "1-0"]
[WhiteElo "2166"]
[BlackElo "1845"]
[PlyCount "43"]
[EventDate "2021.03.20"]
[EventType "swiss (rapid)"]
[EventRounds "12"]
[EventCountry "NET"]
[SourceTitle "EXT 2022"]
[Source "ChessBase"]
[SourceDate "2021.10.06"]
[SourceVersion "1"]
[SourceVersionDate "2021.10.06"]
[SourceQuality "1"]

1. e4 c5 2. Nf3 a6 3. c3 d5 4. exd5 Qxd5 5. d4 Bg4 6. Be2 e6 7. c4 Qd8 8. d5 exd5 9. cxd5 Nf6 10. Nc3 h6 11. 0-0 Bd6 12. h3 Bh5 13. Re1 0-0 14. g4 Bg6 15. Nh4 Bh7 16. Bd3 Bxd3 17. Qxd3 Nxg4 18. Nf5 Ne5 19. Qg3 g6 20. Nxd6 Qxd6 21. Qxe5 Qd7 22. Bxh6 1-0